000 00321nam a22001337a 4500
008 230621b xxu||||| |||| 00| 0 eng d
020 _a0714651559
082 _a328.052
_bJLS
245 _aThe Journal of the legislative studies
260 _bFrank CASS & Co
_c2001
300 _a116p
440 _n1
_v8
942 _2ddc
_cBK
999 _c2059
_d2059